000 00752nam a22002537a 4500
001 BR7603102
003 BR-BrBNA
005 20230928085018.0
007 ta
008 230509b bl.||||| |||| 00| 0 por d
040 _aBR-BrBNA
_bpor
_cBiblioteca Nacional de Agricultura
041 _a(Por)
072 _aE30; F00
_b/G514
090 _ E30 BR7603102
110 1 _aPlano Nacional de Sementes, Brasilia, DF (Brasil)
_97823
245 1 _aAnalise do desempenho dos projetos prioritarios exercicio de 1976 [Semente; Brasil]
260 3 _aBrasilia, DF (Brasil):
_c[nd].
300 _a260 p.
500 _aPublished after 1976
650 _aPROJETO DE DESENVOLVIMENTO
650 _aSEMENTE
909 _a202309
_bLucia
_c55
_dLucia Elande
942 _cBK
999 _c22380
_d22380